000 00427nam a22001817a 4500
003 MPLRDC
005 20220104142849.0
008 210129b ||||| |||| 00| 0 eng d
020 _a7-80060-829-8
082 _a177.2 Yja
100 _a杨加,吴菁,曾辉编译
245 _a名人成名术
_c
250 _a一版一刷
260 _a
_b学苑出版社
_c1990
300 _b
650 _a
942 _cBK
_o177.2 Yja
999 _c34328
_d34318